书目信息 |
| 题名: |
从概念到设计
|
|
| 作者: | 陈永明 , 戴云倩 , 戴云倩 , 陈永明 编著 | |
| 分册: | ||
| 出版信息: | 北京 海洋出版社 2011.03 |
|
| 页数: | 339页 | |
| 开本: | 29cm | |
| 丛书名: | ||
| 单 册: | ||
| 中图分类: | TU242.5 | |
| 科图分类: | ||
| 主题词: | 博览会--bo lan hui--展览馆--建筑设计--上海市--2010 | |
| 电子资源: | ||
| ISBN: | 978-7-5027-7938-2 | |
| 000 | 01153nam0 2200301 450 | |
| 001 | 296465 | |
| 005 | 20110723140308.35 | |
| 010 | @a978-7-5027-7938-2@dCNY148.00 | |
| 100 | @a20110419d2011 km y0chiy50 ea | |
| 101 | 0 | @achi |
| 102 | @aCN@b110000 | |
| 105 | @aa z 000yy | |
| 106 | @ar | |
| 200 | 1 | @a从概念到设计@Acong gai nian dao she ji@e上海世博会场馆解读@f戴云倩, 陈永明编著@Fdai yun qian,chen yong ming bian zhu |
| 210 | @a北京@c海洋出版社@d2011.03 | |
| 215 | @a339页@c彩图@d29cm | |
| 330 | @a本书内容包括国家概况、建筑师简介、概念诠释、形态表现、生态理念、流线设计、功能分析、材料分析、结构节点和展示内容等方面,力求为读者全方位展示上海世博会各国家馆的独特魅力。 | |
| 333 | @a建筑设计、规划、景观、室内设计类专业学生、建筑师。 | |
| 517 | 1 | @a上海世博会场馆解读@Ashang hai shi bo hui chang guan jie du |
| 586 | @a | |
| 606 | 0 | @a博览会@Abo lan hui@x展览馆@x建筑设计@y上海市@z2010 |
| 690 | @aTU242.5@v5 | |
| 701 | 0 | @a陈永明@Achen yong ming@4编著 |
| 701 | 0 | @a戴云倩@Adai yun qian@4编著 |
| 701 | 0 | @a戴云倩@Adai yun qian@4编著 |
| 701 | 0 | @a陈永明@Achen yong ming@4编著 |
| 801 | 0 | @aCN@c20110610 |
| 905 | @dTU242.5@eD140 | |
| 从概念到设计:上海世博会场馆解读/戴云倩, 陈永明编著.-北京:海洋出版社,2011.03 |
| 339页:彩图;29cm |
| 使用对象:建筑设计、规划、景观、室内设计类专业学生、建筑师。 |
| ISBN 978-7-5027-7938-2:CNY148.00 |
| 本书内容包括国家概况、建筑师简介、概念诠释、形态表现、生态理念、流线设计、功能分析、材料分析、结构节点和展示内容等方面,力求为读者全方位展示上海世博会各国家馆的独特魅力。 |
| ● |
| 相关链接 |
|
|
|
正题名:从概念到设计
索取号:TU242.5/D140
 
预约/预借
| 序号 | 登录号 | 条形码 | 馆藏地/架位号 | 状态 | 备注 |
| 1 | 888221 | 208882217 | 建筑库101/101建筑库 67排5列2层/ [索取号:TU242.5/D140] | 在馆 | |
| 2 | 888222 | 208882226 | 建筑库101/101建筑库 67排5列2层/ [索取号:TU242.5/D140] | 在馆 | |
| 3 | 888223 | 208882235 | 建筑库101/101建筑库 67排5列2层/ [索取号:TU242.5/D140] | 在馆 |